| 000 | 00901cac a22002291u 4500 | ||
|---|---|---|---|
| 090 | _c2624 | ||
| 008 | 081030t1968 xxu||||| |||| 00| 0 eng d | ||
| 020 | _a0810104571 | ||
| 082 |
_a111 _bM564 |
||
| 100 | _aMerleau-Ponty, Maurice | ||
| 245 |
_aThe visible and the invisible : _bfollowed by working notes / _cEdited by Claude Lefort. Translated by Alphonso Lingis |
||
| 260 |
_aEvanston : _bNorthwestern University Press, _c1968. |
||
| 300 |
_alvi,282p. ; _c22 cm. |
||
| 440 | _aNorthwestern University studies in phenomenology & existential philosophy | ||
| 504 | _aIncludes bibliographic footnotes and index | ||
| 650 | _aOntology | ||
| 650 | _aKnowledge, theory of | ||
| 700 | _aLefort, Claude | ||
| 700 | _aAlphonso, Lingis | ||
| 942 |
_cBB _k111 M564 _2ddc |
||
| 999 |
_c2624 _d2624 |
||